Soils: Their nature, classes distribution uses and care (Record no. 1371453)

MARC details
000 -LEADER
fixed length control field 00576nam a2200193Ia 4500
005 - DATE AND TIME OF LATEST TRANSACTION
control field 20250508161652.0
008 - FIXED-LENGTH DATA ELEMENTS--GENERAL INFORMATION
fixed length control field 008 250505s9999 xx 000 0 eng d
037 ## - SOURCE OF ACQUISITION
Stock number Textual
040 ## - CATALOGING SOURCE
Original cataloging agency FEDL
Language of cataloging eng
Transcribing agency FEDL
041 ## - LANGUAGE CODE
Language code of text/sound track or separate title eng
Source of code eng
084 ## - COLON CLASSIFICATION NUMBER
Classification number 631.4, GIB
Assigning agency FEDL
100 ## - MAIN ENTRY--PERSONAL NAME
Personal name Gibson J Sullivan
9 (RLIN) 771271
245 #0 - TITLE STATEMENT
Title Soils: Their nature, classes distribution uses and care
260 ## - PUBLICATION, DISTRIBUTION, ETC.
Place of publication, distribution, etc. Alabama
Name of publisher, distributor, etc. University of Alabama Press
Date of publication, distribution, etc. 1970
300 ## - PHYSICAL DESCRIPTION
Extent xvii,296p
700 ## - ADDED ENTRY--PERSONAL NAME
Personal name Batten James W
9 (RLIN) 771272
942 ## - ADDED ENTRY ELEMENTS (KOHA)
Koha item type Textual
Classification part 631.4, GIB
Holdings
Withdrawn status Lost status Damaged status Not for loan Home library Current library Date acquired Total Checkouts Full call number Barcode Date last seen Price effective from Koha item type
        Department of Education Library Department of Education Library 2025-05-08   631.4, GIB EL0059454 2025-05-08 2025-05-08 Textual
Copyright @ Delhi University Library System